| 000 | 00908nam a2200265 a 4500 | ||
|---|---|---|---|
| 001 | 72765 | ||
| 003 | BD-RjUL | ||
| 005 | 20211209082316.0 | ||
| 008 | 170523s1966 enka b 001 0 eng d | ||
| 035 | _a(BD-RjUL)72983 | ||
| 040 |
_aDLC _cDLC _dDLChttp:// _dBD-RjUL _beng |
||
| 041 | _aeng | ||
| 082 | 0 | 0 |
_223 _a586.0942 _bBRO 1966 |
| 100 | 1 |
_aBrightman, Frank H. _9215239 |
|
| 245 | 1 | 4 |
_aThe Oxford book of flowerless plants: _b ferns, fungi, mosses and liverworts, lichens, and seaweeds / _cillustrations by B. E. Nicholson, text by Frank H. Brightman. |
| 260 |
_aLondon : _bOxford U.P., _c1966. |
||
| 300 |
_aviii, 208 p. : _bill. ; _c26 cm. |
||
| 350 | _a45/- | ||
| 504 | _aIncludes bibliographical references and index | ||
| 650 | 0 |
_aCryptogams _zGreat Britain. _9215240 |
|
| 650 | 0 |
_aBotany _zGreat Britain. _9215091 |
|
| 700 | 1 |
_aNicholson, B. E. _9215241 |
|
| 942 |
_2ddc _cBK |
||
| 999 |
_c72765 _d72765 |
||